MDQL
is popping MORE tags! Check the
thread
!
Quizzes
Events
Quiz Creation
Community
Videos
Private Events
Remove Ads
Sign In
Join for FREE
Feedback
Dark Mode
Quiz Categories
Sports
Geography
Music
Movies
Television
Just For Fun
Miscellaneous
History
Literature
Language
Science
Gaming
Entertainment
Religion
Holiday
For Kids
Quiz Lab
Recent
Popular Today
Quiz Kudos Today
Editor Picks
Curator Picks
Quizzes by...
Day
Popularity
Type
Ratings
Length
Year
Community
Subscriptions
Recent Discussions
Orange Saloon
Badges
Playlists
Quests
Create
Leaderboards
Showdown
Live 5
Trivia Bingo
Activity
Puzzle Library
Sporcle Events
Private Events
Virtual Trivia
Globe League
Become a Host
Pub Owners
SporcleCon
Opinionation
Our Games
Videos
Blog
Mobile Apps
Partnerships
Remove Ads and Go Orange
Feedback
Gaming
Video Games
Board Games
Card Games
Pokémon
Mario
Nintendo
Minecraft
Console
Toys
Legend of Zelda
Gaming
Video Games
Board Games
Card Games
Pokémon
Mario
Nintendo
Minecraft
Console
Toys
Legend of Zelda
Random Quiz
Search Sporcle
×
Quiz Lab
Quiz Lab
Gaming
Pokémon
Type in answers that appear in a list
Type in answers that appear in a list
Classic
Best Score? Go Orange.
Bird Pokémon (GEN I-VII) Stats
Name the Pokémon based off of birds.
By
mistystorm96
8m
64 Questions
138 Plays
138 Plays
138 Plays
Comments
Comments
Give Quiz Kudos
Give Quiz Kudos
-
- Ratings
hide this ad
Replay
Link that replays current quiz
Next Quiz
Link to next quiz in quiz playlist
You Got
0%
They Got
Avg Score
80%
Avg Friend Score
Upgrade to see
Score Distribution
Jump to the score distribution portion of the page
Score
0/64
Timer
08:00
0
Plays Today
Hint
Answer
% Correct
Normal/
Flying
Pidgey
98.5%
Normal/
Flying
Pidgeotto
98.5%
Normal/
Flying
Pidgeot
97.8%
Normal/
Flying
Spearow
96.3%
Normal Flying
Fearow
95.6%
Fire/
Flying
Moltres
95.6%
Ice/
Flying
Articuno
94.8%
Electric/
Flying
Zapdos
94.8%
Normal/
Flying
Hoothoot
94.1%
Normal/
Flying
Noctowl
93.3%
Psychic/
Flying
Natu
90.4%
Psychic/
Flying
Xatu
90.4%
Normal/
Flying
Starly
89.6%
Normal/
Flying
Staraptor
89.6%
Dark/
Flying
Murkrow
88.9%
Normal/
Flying
Taillow
88.9%
Normal/
Flying
Staravia
88.9%
Fire
Torchic
88.1%
Fire/
Fighting
Blaziken
88.1%
Normal/
Flying
Swellow
88.1%
Normal/
Flying
Farfetch'd
87.4%
Normal/
Flying
Doduo
87.4%
Psychic/
Flying
Lugia
87.4%
Fire/
Flying
Ho-Oh
87.4%
Fire/
Fighting
Combusken
87.4%
Water
Psyduck
86.7%
Water
Golduck
86.7%
Normal/
Flying
Dodrio
86.7%
Steel/
Flying
Skarmory
86.7%
Water/
Flying
Wingull
86.7%
Water/
Flying
Pelipper
86.7%
Normal/
Flying
Unfezant
85.2%
Hint
Answer
% Correct
Normal/
Flying
Pidove
84.4%
Ice/
Flying
Delibird
83.7%
Dragon/
Psychic
Latias
83.7%
Dragon/
Psychic
Latios
83.7%
Water
Piplup
83.7%
Fire/
Flying
Talonflame
83.7%
Water
Prinplup
83%
Water/
Steel
Empoleon
83%
Grass/
Flying
Rowlet
83%
Fire/
Flying
Fletchinder
82.2%
Dragon/
Flying
Altaria
81.5%
Water/
Flying
Swanna
81.5%
Normal/
Flying
Fletchling
81.5%
Normal/
Flying
Swablu
80.7%
Normal/
Flying
Tranquill
80.7%
Water/
Flying
Ducklett
80%
Grass/
Ghost
Decidueye
80%
Rock/
Flying
Archen
79.3%
Rock/
Flying
Archeops
79.3%
Grass/
Flying
Dartrix
78.5%
Normal/
Flying
Pikipek
78.5%
Normal/
Flying
Toucannon
78.5%
Dark/
Flying
Vullaby
78%
Fighting/
Flying
Hawlucha
77.8%
Dark/
Flying
Honchkrow
77%
Normal/
Flying
Trumbeak
77%
Normal/
Flying
Rufflet
76.3%
Normal/
Flying
Braviary
76.3%
Dark/
Flying
Mandibuzz
76.3%
Normal/
Flying
Chatot
66.7%
Dark/
Flying
Yveltal
66.1%
Fire/
Flying
Oricorio
65.9%
Quiz Playlist
Details
Report
Send in Message
Add To Playlist
Classic:
Type in answers that appear in a list
Last Updated: Apr 29, 2017
Quiz Scoreboard
CHALLENGE
Sign Up to Join the Scoreboard
Show All
Scores
Hide
Comments
May contain spoilers
Recently Published
1-10 Letter E Words III
by El_Dandy
Language
2m
Street Fighter Characters
by Artimus82
Gaming
60s
College Basketball Coaching Resumes
by pancakes188
Sports
9m
More to Explore
Quiz From the Vault
Featured Blog Post
Where Did the Easter Bunny Come From?
hide this ad
You Might Also Like...
Tags
Pokémon Quiz
bird
Flying Pokémon
Today's Top Quizzes in Gaming
Browse Gaming
hide this ad
Today's Top Quizzes in Pokémon
Browse Pokémon
Top Contributed Quizzes in Gaming
1
5-to-1: Consoles
2
7-to-1: Board Game Piece Blitz
3
5-to-1: Legend of Zelda
4
League of Legends Pro Players by Career/Team History
5
Destiny 2 exotic weapons by perk icons
6
Ultimate Genshin Impact Logic Puzzle (up to 4.3)
7
Franchise by Action Figure
8
Who's on the WWE 2K24 Cover?
9
Genshin Impact Logic Puzzle Quiz
10
Order the Pokémon Regions
Explore More
Trending Topics
Kpop
Disney
Marvel
Harry Potter
NBA
Crossword
Anime
Song
WWE
Country
Puzzle
Pokémon
NFL
The Office
Soccer
hide this ad
More By:
mistystorm96
Quiz
Plays
Rating
Category
Featured
Created
9-Letter Pokemon (GEN I-IX)
882
Gaming
Apr 12, 2017
7-Letter Pokemon (GEN I-IV)
421
Gaming
Apr 16, 2017
Disney Movies with Female Protagonists
257
4.75
Movies
Mar 21, 2017
Eurovision Song Contest Bronze Medals
242
5.00
Music
Mar 15, 2017
Fifth-Placed Countries in Eurovision Song Contest
240
4.00
Music
Mar 19, 2017
Go to Creator's Profile
Score Distribution
Quiz Creator Spotlight
mistystorm96
Follow
Send a Message
Quizzes Created
-
Created Quiz Play Count
-
More By This Creator
Popular Quizzes Today
1
Find the US States - No Outlines Minefield
2
Find the Countries of Europe - No Outlines Minefield
3
The Countries of the World
4
Find the US States
5
Risky Map Clicking: Biggest States A-Z
6
US States
7
Popular People in 1961
8
Movies - When Are They Set?
More Gaming Quizzes
Pokémon Locations by 1st-Person View
Curator's Pick
Trending Quizzes
Risky Map Clicking: Least Populous States A-Z
Billboard Blitz: Aretha Franklin
Famous Russians: Author or Composer?
Countries of the World: 200 Million BC
1-10 Letter G Words
Recently Updated
Leaping Animals
pecheneg
Reality TV Shows (A-Z)
bhenderson79
Rickey Henderson's Hall of Fame Teammates
pecheneg
Champions League XIs: Arsenal
pecheneg
Quick Pick: Celebrities in WWE's Hall of Fame
aduchscher
A-Z Keypad Blitz II
pecheneg
Multiple Oscar Actors
pecheneg
Mystery Phrase Blitz: Oscar 'Best Actors'
pecheneg
F. Scott Fitzgerald Novels
LTH
Pick 3 Villains
ddd62291
Trending Topics
NBA
Disney
Anime
Kpop
Harry Potter
Marvel
Crossword
Puzzle
The Office
Song
Pokémon
WWE
Country
NFL
Soccer
Your Account Isn't Verified!
In order to create a playlist on Sporcle, you need to verify the email address you used during registration. Go to your
Sporcle Settings
to finish the process.
Report this User
Report this user for behavior that violates our
Community Guidelines
.
Details:
Send Report
Go to the Sporcle.com Mobile Site →
Comments